• 首页
  • 本馆介绍
  • 公告通知
  • 最新文献
  • 馆藏检索
  • 电子资源
  • 读者导购
  • 参考咨询
  • 我的图书馆
  • 登录
  • 详细信息显示
  • 放入我的书架
  • 预约/预借图书
  • 作者相关作品
  • 分类相关作品
  • 丛书相关作品
  • 出版社相关作品

书目信息

  • 表格格式
  • 工作单格式
  • 卡片格式
题名:
光学机械基础
    
 
作者: 崔建英 编著
分册:  
出版信息: 北京   清华大学出版社  2014.08
页数: 11, 287页
开本: 26cm
丛书名:
单 册:
中图分类: TB34 , TH740.6
科图分类:
主题词: 光学材料--guang xue cai liao--高等学校--教材 , 光学零件--guang xue ling jian--加工--高等学校--教材 , 光学材料--guang xue cai liao , 光学零件--guang xue ling jian
电子资源:
ISBN: 978-7-302-35119-1
000 01443nam0 2200325 450
001 2033508421
005 20201122095316.22
010    @a978-7-302-35119-1@dCNY39.00
100    @a20140826e20202014em y0chiy50 ea
101 0  @achi
102    @aCN@b110000
105    @ay z 000yy
106    @ar
200 1  @a光学机械基础@9guang xue ji xie ji chu@e光学材料及其加工工艺@dOptical machinery fundamentals@eoptical materials and processing technics@f崔建英编著@zeng
205    @a2版
210    @a北京@c清华大学出版社@d2014.08@h2020.07
215    @a11, 287页@d26cm
300    @a教育部高等学校电子信息类专业教学指导委员会规划教材高等学校电子信息类专业系列教材
330    @a本书主要内容包括:工程材料导论,光学系统中常用的光学玻璃、光学晶体和光学塑料等光介质材料及光学薄膜的概念、种类、性能特点及其应用;构成光学系统的机械结构材料等四大类机械结构材料的种类、性能特点及其应用等。
510 1  @aOptical machinery fundamentals@eoptical materials and processing technics@zeng
517 1  @a光学材料及其加工工艺@9guang xue cai liao ji qi jia gong gong yi
606 0  @a光学材料@9guang xue cai liao@x高等学校@j教材
606 0  @a光学零件@9guang xue ling jian@x加工@x高等学校@j教材
606 0  @a光学材料@9guang xue cai liao
606 0  @a光学零件@9guang xue ling jian
690    @aTB34@v5
690    @aTH740.6@v5
701  0 @a崔建英@9cui jian ying@f(1964.2~)@4编著
801  0 @aCN@bBJSZM@c20201120
905    @b1244940-3@dTB34@e581=2@f4
    
    光学机械基础:光学材料及其加工工艺=Optical machinery fundamentals:optical materials and processing technics/崔建英编著.-2版.-北京:清华大学出版社,2014.08(2020.07)
    11, 287页;26cm
    教育部高等学校电子信息类专业教学指导委员会规划教材高等学校电子信息类专业系列教材
    
    ISBN 978-7-302-35119-1:CNY39.00
    本书主要内容包括:工程材料导论,光学系统中常用的光学玻璃、光学晶体和光学塑料等光介质材料及光学薄膜的概念、种类、性能特点及其应用;构成光学系统的机械结构材料等四大类机械结构材料的种类、性能特点及其应用等。
●
相关链接 在E读中查询图书 在五车中查询图书 在当当中查询图书 在豆瓣中查询图书


正题名:光学机械基础     索取号:TB34/581=2         预约/预借

序号 登录号 条形码 馆藏地/架位号 状态 备注
1 1244940   212449402   第二样本阅览室/ [索取号:TB34/581=2] 在馆    
2 1244941   212449411   第三借阅区/ [索取号:TB34/581=2] 在馆    
3 1244942   212449420   第三借阅区/ [索取号:TB34/581=2] 在馆    
4 1244943   212449439   第三借阅区/ [索取号:TB34/581=2] 在馆    
唐山师范学院图书馆 欢迎您!
大连网信软件有限公司© 版权所有